Mechatronic Systems and Process Automation: (Record no. 612908)
[ view plain ]
| 000 -LEADER | |
|---|---|
| fixed length control field | 00426nam a22001337a 4500 |
| 020 ## - INTERNATIONAL STANDARD BOOK NUMBER | |
| International Standard Book Number | 9780367735029 |
| 040 ## - CATALOGING SOURCE | |
| Transcribing agency | NUST |
| 082 ## - DEWEY DECIMAL CLASSIFICATION NUMBER | |
| Classification number | 629.895 |
| Author Mark | KAL |
| 100 ## - MAIN ENTRY--PERSONAL NAME | |
| Personal name | Kaltjob,Patrick |
| 9 (RLIN) | 127899 |
| 245 ## - TITLE STATEMENT | |
| Title | Mechatronic Systems and Process Automation: |
| Remainder of title | model-driven approach and practical design guidelines / |
| Statement of responsibility, etc. | Patrick Kaltjob |
| 260 ## - PUBLICATION, DISTRIBUTION, ETC. | |
| Place of publication, distribution, etc. | Boca Raton : |
| Name of publisher, distributor, etc. | CRC Press, |
| Date of publication, distribution, etc. | 2018. |
| 300 ## - PHYSICAL DESCRIPTION | |
| Extent | 446p. ; |
| Other physical details | Paperback, |
| Dimensions | 23cm. |
| 942 ## - ADDED ENTRY ELEMENTS (KOHA) | |
| Source of classification or shelving scheme | |
| Koha item type | Book |
| Withdrawn status | Lost status | Source of classification or shelving scheme | Damaged status | Not for loan | Permanent Location | Current Location | Shelving location | Date acquired | Total Checkouts | Full call number | Barcode | Date last seen | Date last checked out | Price effective from | Koha item type |
|---|---|---|---|---|---|---|---|---|---|---|---|---|---|---|---|
| School of Mechanical & Manufacturing Engineering (SMME) | School of Mechanical & Manufacturing Engineering (SMME) | General Stacks | 02/18/2025 | 1 | 629.895 KAL | SMME-4665 | 07/01/2025 | 04/22/2025 | 02/18/2025 | Book |
